000 00298nam a22001337a 4500
008 170202b xxu||||| |||| 00| 0 eng d
020 _a9780805009767
041 _aeng
080 _a61
100 _a3
101 _aSHM
245 _aTHE SELF HEALING PERSPONALITY
_cFRIEDMAN ,H.S
942 _2udc
_cBK
999 _c4275
_d4275